| 000 | 00952nam a2200301 i 4500 | ||
|---|---|---|---|
| 003 | DO-SdBNP | ||
| 005 | 20241216093731.0 | ||
| 007 | ta | ||
| 008 | 241216s2005 mx 000 0 spa d | ||
| 020 | _z9682325536 | ||
| 040 |
_aDO-SdBNP _bspa _cBNPHU _erda |
||
| 082 |
_axxx _bR696e _222 |
||
| 100 | 1 |
_aRodríguez, Néstor E., _d1971- _933201 _4aut. _eautor |
|
| 245 | 1 | 0 |
_aEscrituras de desencuentro en la República Dominicana / _cNéstor E. Rodríguez. |
| 250 | _a1a. edición | ||
| 264 | 1 |
_aMéxico : _bSiglo XXI editores, _c2005. |
|
| 300 |
_a140 páginas ; _c24 cm. |
||
| 336 |
_atexto _btxt _2rdacontent |
||
| 337 |
_asin mediación _bn _2rdamedia |
||
| 338 |
_avolumen _bnc _2rdacarrier |
||
| 490 | 1 | _aPensamiento caribeño | |
| 500 | _aIncluye índice analítico | ||
| 500 | _aIncluye notas al pie de las páginas | ||
| 504 | _aBibliografía : p. 135-140. | ||
| 590 | _aInventariado, 2024 / YL | ||
| 910 | _aYLockward | ||
| 942 |
_2ddc _cLBS1 |
||
| 999 |
_c57956 _d57956 |
||